Egyptian medicine /

Saved in:

Main Author: Reeves, Carole (Author)

Format: Book

Language: English

Published: Princes Risborough, Buckinghamshire, UK : Shire Publications, 1992.

Series: Shire Egyptology ; 15.
ShirEgypt ; 15.

Subjects:

Tags: Add Tag

No Tags, Be the first to tag this record!

Call Number: DT57 .S25 v.15

LEADER 00944namaa2200301 4500
001 13330
003 OSt
005 20260422062925.0
008 130303s1992 enka b 001 0 eng d
020 |a 0747801274 
040 |c ARCE Library 
043 |a f-ua--- 
050 4 |a DT57 .S25 v.15 
100 1 |a Reeves, Carole,   |e author 
245 1 0 |a Egyptian medicine /  |c Carole Reeves. 
264 1 |a Princes Risborough, Buckinghamshire, UK :  |b Shire Publications,  |c 1992. 
300 |a 72 pages :  |b illustrations ;  |c 21 cm. 
490 1 |a Shire Egyptology ;   |v 15. 
490 1 |a ShirEgypt ;   |v 15. 
504 |a Includes bibliographical references (pages 67-68) and index. 
650 0 |a History of Medicine, Ancient   |z Egypt. 
650 0 |a History of Medicine, Medieval   |z Egypt. 
650 0 |a Medicine, Egyptian  |x History. 
830 0 |a Shire Egyptology ;   |v 15. 
830 0 |a ShirEgypt ;   |v 15. 
901 |a reviewed 
942 |c BK  |2 lcc 
999 |c 13231  |d 13231